Introduction to robotics. Mechanics and control.
Պահպանված է:
| Հիմնական հեղինակ: | |
|---|---|
| Ձևաչափ: | Անհայտ |
| Հրապարակվել է: |
New York, USA:
Pearson,
2018.
|
| Հրատարակություն: | Fourth Edition. |
| Խորագրեր: | |
| Ցուցիչներ: |
Ավելացրեք ցուցիչ
Չկան պիտակներ, Եղեք առաջինը, ով նշում է այս գրառումը!
|
MARC
| LEADER | 00000 a2200000 4500 | ||
|---|---|---|---|
| 003 | CL-VaPUC | ||
| 005 | 20240527114840.0 | ||
| 008 | 240520t2018 ||||| |||| 00| 0 eng d | ||
| 999 | |c 443717 |d 443715 | ||
| 020 | |a 978-0133489798 | ||
| 040 | |c Pontificia Universidad Católica de Valparaíso | ||
| 082 | |a 629.892 CRA 2018 |2 23 | ||
| 100 | |a Craig, John J |9 490669 |e author | ||
| 245 | |a Introduction to robotics. |b Mechanics and control. | ||
| 250 | |a Fourth Edition. | ||
| 260 | |a New York, USA: |b Pearson, |c 2018. | ||
| 300 | |a viii, 438 páginas. | ||
| 583 | |k GC |c 20240520 | ||
| 650 | 0 | |a Robótica |9 263360 | |
| 650 | 0 | |a Robótica |x Estudio y enseñanza |z Estados Unidos |9 889003 | |
| 942 | |2 ddc |c BK | ||
| 952 | |0 0 |1 0 |2 ddc |4 0 |6 629_892000000000000_CRA_2018 |7 0 |8 A |9 594833 |a BIBMEC |b BIBMEC |d 2024-05-22 |e 1 |g 175416.00 |i 5661421 |o 629.892 CRA 2018 |p 5661421 |r 2024-05-22 |t 1 |v 175416.00 |w 2024-05-22 |y BK |k MEC | ||
| 952 | |0 0 |1 0 |2 ddc |4 0 |6 629_892000000000000_CRA_2018 |7 0 |8 A |9 594834 |a BIBMEC |b BIBMEC |d 2024-05-22 |e 1 |g 175416.00 |i 5661428 |o 629.892 CRA 2018 |p 5661428 |r 2024-05-22 |t 2 |v 175416.00 |w 2024-05-22 |y BK |k MEC | ||